| 000 | 00968nmc a2200373 a 4500 | ||
|---|---|---|---|
| 003 | AR-BaBNM | ||
| 005 | 20251128210832.0 | ||
| 008 | 141020s1999 ||||||||||||||000 | spa|| | ||
| 020 | _a987-9065-27-1 | ||
| 040 | _cAR-BaBNM | ||
| 100 | 1 | _aSinay, Sergio | |
| 245 | 1 | 0 | _aChe Guevara para principiantes |
| 260 |
_aBuenos Aires _bErrepar _c1999 |
||
| 300 | 0 |
_a176 p. _bil. |
|
| 490 | 0 |
_aPara principiantes _vv. 16 |
|
| 500 | 1 | _aContiene una guía de nombres, instituciones e ideas | |
| 600 | 1 | 4 | _aGuevara, Ernesto |
| 650 | 4 | _aBIOGRAFIAS | |
| 650 | 4 | _aDIVULGACION | |
| 650 | 4 | _aCIENCIAS POLITICAS | |
| 650 | 4 | _aHISTORIA SOCIAL | |
| 650 | 4 | _aREVOLUCION | |
| 650 | 4 | _aSOCIALISMO | |
| 651 | 4 | _aAmérica Latina | |
| 651 | 4 | _aCuba | |
| 651 | 4 | _aArgentina | |
| 653 | 0 | _aHISTORIETAS | |
| 653 | 0 | _aGUERRILLA | |
| 655 | _aBIOGRAFIAS | ||
| 700 | 1 | _aScenna, Miguel Angel | |
| 800 | 1 |
_aKreimer, Juan Carlos _edirector |
|
| 942 | _cBK | ||
| 998 | _cMARTIN | ||
| 999 |
_c17132 _d17132 |
||